Statistiche per Capitali per altitudine - America del Nord

Clicka qui per fare il quiz!

Statistiche generali

  • Questo quiz è stato fatto 3 volte
  • Il punteggio medio è 6 su 10

Statistiche sulle risposte

Altitudine (m)Capitale% Corretto
2 240Città del Messico
100%
74Ottawa
100%
1 529Città del Guatemala
67%
83Managua
67%
1 146San José
67%
658San Salvador
67%
990Tegucigalpa
67%
76Belmopan
33%
53Kingston
33%
98Port-au-Prince
33%

Distribuzione punteggi

Percentile per numero di risposta

Percentuale di utenti per punteggio

I tuoi punteggi nel tempo

Non hai fatto questo quiz